Statistics for ariana grande songs

Click here to take the quiz!

General Stats

  • This quiz has been taken 131 times
  • The average score is 8 of 12

Answer Stats

HintAnswer% Correct
DWdangerous woman
92%
S2Sside to side
80%
Pproblem
70%
OLTone last time
68%
BFbreak free
66%
RTright there
65%
Bbaby
62%
Ffocus
62%
IYinto you
62%
TWthe way
60%
BIbaby i
58%
STMsanta tell me
26%

Score Distribution

Percentile by Number Answered

Percent of People with Each Score

Your Score History

You have not taken this quiz